Nove grekokatolyc'ke jepiskopstvo 2

Bibliographic Details
Main Author: Popovyč, Mychal (Author)
Format: Article
Language:Ukrainian
Subjects:

MARC

LEADER 00000nab a2200000 a 4500
001 vtls000637798
003 SK-MaSNL
005 20260319075816.0
008 160401c1997 xo 0 ukr
015 |a SNBRB19rr/mm-uuuuu 
035 |a CL0637937 
040 |a SNKBUCL  |b slo  |c SNKBUCL  |e AACR2 
041 0 |a ukr 
044 |a xo  |c SK 
080 |a 281.94(091):262.3(091)  |2 1981 
080 |a 262.3(091)  |2 1981 
080 |a 27  |2 1981 
100 1 |a Popovyč, Mychal  |4 aut  |9 901311 
245 1 0 |a Nove grekokatolyc'ke jepiskopstvo 2  |c Mychal Popovyč 
650 0 7 |a Gréckokatolícka cirkev  |2 snkbucl  |9 471061 
655 7 |a články z novín a časopisov  |2 snkbucl  |9 267496 
773 0 |t Narodny novynky  |g Roč. 7, č. 15-16 (1997), s. 3 
850 |a Slovenská národná knižnica v Martine  |a POA001 
852 |a SNK  |b KIS3GCP 
958 |a RN 
958 |a SK 
958 |a RK 
958 |a RBX 
999 |c 1428308  |d 1430238